Statistics for Minecraft in 99 seconds quiz.

Click here to take the quiz!

General Stats

  • This quiz has been taken 6 times
  • The average score is 13 of 15

Answer Stats

HintAnswer% Correct
The year of Minecraft's release2009
100%
Classic skin no.2Alex
100%
Best player aliveDream
100%
The mob that you kill to beat the gameEnder Dragon
100%
Company that made MinecraftMojang
100%
Who it was created byNotch
100%
Classic skin no.1Steve
100%
Best playerTechnoblade
100%
Other boss mobWither
100%
Most popular Minecraft minigameBedwars
80%
What Minecraft used to be calledCave game
80%
Who it was also created byJeb
80%
Most OP mobWarden
80%
Version no.2Bedrock
60%
Version no.1Java
60%

Score Distribution

Percentile by Number Answered

Percent of People with Each Score

Your Score History

You have not taken this quiz